Key accounting principles : Volume 1 (Record no. 2914)

000 -LEADER
fixed length control field 00666nam a22002057a 4500
003 - CONTROL NUMBER IDENTIFIER
control field OSt
005 - DATE AND TIME OF LATEST TRANSACTION
control field 20210726112905.0
008 - FIXED-LENGTH DATA ELEMENTS--GENERAL INFORMATION
fixed length control field 210726b ||||| |||| 00| 0 eng d
020 ## - INTERNATIONAL STANDARD BOOK NUMBER
International Standard Book Number 97811926751108
040 ## - CATALOGING SOURCE
Transcribing agency ALUPEN UNIVERSITY
050 ## - LIBRARY OF CONGRESS CALL NUMBER
Classification number HF5635
Item number .J6 2011 VOL. 1
100 ## - MAIN ENTRY--PERSONAL NAME
Personal name Joffe, Neville
245 ## - TITLE STATEMENT
Title Key accounting principles : Volume 1
250 ## - EDITION STATEMENT
Edition statement 3rd ed.
260 ## - PUBLICATION, DISTRIBUTION, ETC.
Place of publication, distribution, etc. Toronto, ON, Canada :
Name of publisher, distributor, etc. AME Learning Inc.,
Date of publication, distribution, etc. ©2011
300 ## - PHYSICAL DESCRIPTION
Extent xvi, 356p,;
Other physical details ill.; [some col.]
Dimensions 28cm
500 ## - GENERAL NOTE
General note Includes glossary and index.<br/>Accompanied by workbook with the same title.
650 ## - SUBJECT ADDED ENTRY--TOPICAL TERM
Topical term or geographic name entry element Accounting -- Textbooks. Accounting.
942 ## - ADDED ENTRY ELEMENTS (KOHA)
Source of classification or shelving scheme
Koha item type Book
Suppress in OPAC JO
Holdings
Withdrawn status Lost status Source of classification or shelving scheme Damaged status Not for loan Permanent Location Current Location Shelving location Date acquired Source of acquisition Total Checkouts Full call number Barcode Date last seen Date last checked out Price effective from Koha item type Public note
          AU LIBRARY AU LIBRARY Open Shelf 26.07.2021 DONATION FROM MOI UNIVERSITY 2 HF5635 .J6 2011 VOL. 1 28002801 19.04.2022 07.04.2022 26.07.2021 Book JO

Powered by Koha